| 000 | 00507nam a2200169Ia 4500 | ||
|---|---|---|---|
| 003 | OSt | ||
| 005 | 20200928143922.0 | ||
| 008 | 190216s9999||||xx |||||||||||||| ||und|| | ||
| 040 | _coclc | ||
| 082 |
_a595.7 _bFOX/I |
||
| 100 |
_aFox, Richard M _95088 |
||
| 245 | 0 |
_aIntroduction To Comparative Entomology / _cRichard M Fox ; Jean Walker Fox |
|
| 260 |
_bEast-West Press, _c1968. _aNew Delhi: |
||
| 300 | _a450p | ||
| 650 | _aZoology | ||
| 942 |
_cBK _2ddc _h595.7 _iFOX/I _k595.7 _mFOX/I |
||
| 999 |
_c37326 _d37326 |
||